| 000 | 00000nas##2200000za#4500 |
| 001 | 9.505879 |
| 003 | CaOODSP |
| 005 | 20210705115226 |
| 007 | cr ||||||||||| |
| 008 | 150406c2002||||xxc|| p o||||f| |0eng|d |
| 022 | |a1910-8850 |
| 040 | |aCaOODSP|beng |
| 043 | |an-cn--- |
| 086 | 1 |aH115-19E-PDF |
| 110 | 1 |aCanada. |bCanadian Institute for Health Information. |
| 245 | 10|aWorkforce trends of licensed practical nurses in Canada |h[electronic resource] |
| 260 | |aOttawa - Ontario : |bCanadian Institute for Health Information |
| 310 | |aAnnual |
| 362 | 1 |a2002 - 2006 |
| 520 | 3 |aThis new publication offers a comprehensive view of the Canadian Licensed Practical Nursing workforce. The presentation of clear, objective data and data analysis enables informed decision-making and policy formulation. The Licensed Practical Nurses Database will facilitate regulated nursing resource planning activities. |
| 690 | 07|aHealth care|2gcpds |
| 690 | 07|aHuman resources|2gcpds |
| 775 | 08|tTendances de la main-d'oeuvre des infirmières et infirmiers auxiliaires autorisés au Canada.|w(CaOODSP)9.502282 |